[Event "S. A. Group BAN-chT 2018"]
[Site "Dhaka"]
[Date "2018.12.11"]
[Round "6"]
[White "Kovalev, Vladislav"]
[Black "Mohammad Manik"]
[Result "1-0"]
[WhiteElo "2683"]
[BlackElo "1869"]
[Annotator "TA"]
[PlyCount "39"]
[EventDate "2018.12.07"]
[EventType "team-tourn"]
[EventCountry "BAN"]
[SourceTitle "playchess.com"]
[Source "ChessBase"]
[SourceQuality "1"]

{[%evp 9,39,26,27,0,29,26,38,40,92,75,74,80,83,91,88,80,102,107,128,123,149,153,333,347,341,342,652,483,1416,1372,29988,29989]} 1. e4 e6 2. d3 d5 3. Nd2 c5 4. g3 Bd7 (4... Nc6 5. Bg2 Nf6 6. Ngf3 g6 7. O-O Bg7 8. exd5 Nxd5 9. Nc4 b5 10. Ne3 O-O 11. c4 bxc4 12. dxc4 Ndb4 13. Qe2 Rb8 14. Rd1 Nd4 15. Nxd4 cxd4 16. a3 Na6 {½-½ (62) Kovalev,V (2636)-Savchenko,B (2585) Sochi 2017}) 5. Ngf3 Nc6 6. Qe2 $146 {Threatening exd5. C00: French: Unusual White 2nd moves} ({Predecessor:} 6. Bg2 Qc7 7. O-O O-O-O 8. Re1 Be7 9. a3 h5 10. h4 f6 11. Nf1 Nh6 12. exd5 exd5 13. Bf4 {1-0 (41) Serafim,P (1566)-Duarte,A (1795) Florianopolis 2017}) 6... d4 7. Nc4 b5 8. Nce5 {White is slightly better.} f6 (8... Nxe5 $14 9. Nxe5 Bd6 10. Nxd7 Qxd7) 9. Nxd7 Qxd7 10. a4 b4 11. Nd2 g6 12. f4 Nh6 13. h4 e5 14. Bh3 Qc7 15. Nc4 Na5 $2 {[#]} (15... Qe7 $16 {was worth a try.} 16. f5 Bg7) 16. Nxa5 $18 Qxa5 17. fxe5 fxe5 $2 (17... Nf7 18. exf6 Bd6) 18. O-O Bg7 (18... Qc7 $142 19. Rxf8+ {[%mdl 64] Remove Defender} Rxf8 20. Bxh6 Qe7 21. Bxf8 Kxf8) 19. Bxh6 {[#] Qg4 would kill now.} Bxh6 20. Qg4 {Accuracy: White = 59%, Black = 14%.} 1-0

[Event "S. A. Group BAN-chT 2018"]
[Site "Dhaka"]
[Date "2018.12.11"]
[Round "6"]
[White "Mollah Abdullah, Al Rakib"]
[Black "Ghosh, Diptayan"]
[Result "1/2-1/2"]
[WhiteElo "2477"]
[BlackElo "2541"]
[Annotator "TA"]
[PlyCount "40"]
[EventDate "2018.12.07"]
[EventType "team-tourn"]
[EventCountry "BAN"]
[SourceTitle "playchess.com"]
[Source "ChessBase"]
[SourceQuality "1"]

{[%evp 18,40,0,0,32,5,13,18,42,48,53,58,56,65,114,29,47,20,26,29,54,0,0,-15,-28]} 1. d4 Nf6 2. c4 e6 3. Nc3 Bb4 4. g3 O-O 5. Bg2 d5 6. a3 {E20: Nimzo-Indian: 4 g3 and 4 f3} Bxc3+ 7. bxc3 dxc4 8. Qa4 Bd7 9. Qxc4 Bc6 10. f3 {LiveBook: 10 Games} b5 $146 ({Predecessor:} 10... Qd5 11. Qxd5 exd5 12. Bf4 Nbd7 13. Bxc7 Rfe8 {½-½ (87) Mamedyarov,S (2764)-Cheparinov,I (2688) Izmir 2016}) 11. Qd3 Nbd7 {[%cal Bb8d7,Bd7b6,Bb6c4][%mdl 32]} 12. Nh3 {[%cal Bg1h3,Bh3f2,Bf2d3][%mdl 32]} e5 13. O-O Re8 14. Nf2 Qe7 15. e4 Rad8 {[#]} 16. Qe3 (16. a4 $1 $16 {[%mdl 512]} Nc5 (16... bxa4 17. Ba3) 17. Qb1 Nxa4 18. Ba3) 16... Nb6 $1 $11 17. Nd3 Nc4 18. Qf2 a5 19. Bg5 (19. Nb2 $14) 19... h6 20. Bxf6 Qxf6 {Accuracy: White = 43%, Black = 31%.} 1/2-1/2

[Event "S. A. Group BAN-chT 2018"]
[Site "Dhaka"]
[Date "2018.12.11"]
[Round "6"]
[White "Das, Sayantan"]
[Black "Rahman, Ziaur"]
[Result "1/2-1/2"]
[WhiteElo "2453"]
[BlackElo "2468"]
[Annotator "TA"]
[PlyCount "59"]
[EventDate "2018.12.07"]
[EventType "team-tourn"]
[EventCountry "BAN"]
[SourceTitle "playchess.com"]
[Source "ChessBase"]
[SourceQuality "1"]

{[%evp 23,59,14,0,-15,40,0,0,-5,0,0,0,0,0,0,0,0,0,0,0,0,0,0,0,0,0,0,16,10,15,10,14,0,19,0,22,0,0,0]} 1. e4 c5 2. Nf3 d6 3. d4 cxd4 4. Nxd4 Nf6 5. Nc3 Nc6 6. Bc4 e6 7. Be3 a6 8. a3 Be7 9. O-O O-O 10. Ba2 Bd7 11. f4 Rc8 12. Kh1 {B88: Sicilian: Sozin Attack} (12. f5 Nxd4 13. Qxd4 e5 14. Qd3 h6 15. Kh1 Rxc3 16. Qxc3 Nxe4 17. Qd3 Nf6 18. Rad1 Qc7 19. Bf2 Rc8 {1-0 (37) Amonatov,F (2620)-Grandelius,N (2643) Doha 2016}) 12... b5 {LiveBook: 5 Games} 13. f5 {[%cal Rf5e6]} e5 $146 (13... Nxd4 $11 14. Qxd4 Ng4) ({Predecessor:} 13... Nxd4 14. Bxd4 Qc7 15. Qd3 Kh8 16. Rad1 Rfd8 17. Qh3 d5 18. e5 Ng8 19. f6 gxf6 20. exf6 Bf8 21. Qh5 Nh6 22. Rd3 Nf5 23. Rh3 h6 24. Rxf5 exf5 25. Nxd5 {1-0 (25) Sindarov,J (2474)-Benidze,D (2487) Poti 2018}) 14. Nxc6 {White is slightly better.} Bxc6 {The position is equal.} 15. Qd3 Bb7 16. Bg5 Rxc3 17. Qxc3 {Black must now prevent Bxf6.} Nxe4 18. Bxe7 Qxe7 19. Qe3 Qc7 20. c3 Nf6 21. Rad1 h6 22. h3 Re8 23. Kg1 d5 24. Rfe1 Qc8 25. Qb6 Ba8 26. Bb1 Bc6 27. Ba2 Ba8 28. Bb1 Bb7 29. Qe3 Qc6 30. Kh2 {Accuracy: White = 52%, Black = 65%.} 1/2-1/2

[Event "S. A. Group BAN-chT 2018"]
[Site "Dhaka"]
[Date "2018.12.11"]
[Round "6"]
[White "Aronyak Ghosh"]
[Black "Abu Sufian, Shakil"]
[Result "1/2-1/2"]
[WhiteElo "2343"]
[BlackElo "2230"]
[Annotator "TA"]
[PlyCount "41"]
[EventDate "2018.12.07"]
[EventType "team-tourn"]
[EventCountry "BAN"]
[SourceTitle "playchess.com"]
[Source "ChessBase"]
[SourceQuality "1"]

{[%evp 18,41,0,0,0,0,0,-9,17,15,14,10,11,6,18,0,7,0,6,0,0,0,4,-3,16,-2]} 1. d4 d5 2. Bf4 Nf6 3. e3 c5 4. Nc3 cxd4 5. exd4 a6 6. Nf3 {[%cal Bg1f3,Bf3e5,Be5d3,Bd3c5][%mdl 32] B13: Caro-Kann: Exchange Variation and Panov-Botvinnik Attack} Bg4 7. Be2 Nc6 8. Ne5 Bxe2 9. Nxe2 e6 10. c3 {LiveBook: 3 Games. The position is equal.} Bd6 11. Nd3 O-O 12. O-O $146 ({Predecessor:} 12. Bg5 b5 13. a3 a5 14. f4 Be7 15. Bxf6 Bxf6 16. O-O b4 17. Qa4 Qe8 18. axb4 axb4 19. Qc2 bxc3 {½-½ (19) Miladinovic,I (2574)-Jankovic,A (2571) Rogaska Slatina 2009}) 12... Bxf4 13. Nexf4 Na5 14. Qe2 Rc8 15. Nc5 Nc4 16. Nfd3 Nd6 17. Ne5 a5 18. Rae1 b6 19. Ncd3 Qe8 20. f3 Kh8 21. a3 {Accuracy: White = 38%, Black = 38%.} 1/2-1/2

[Event "S. A. Group BAN-chT 2018"]
[Site "Dhaka"]
[Date "2018.12.11"]
[Round "6"]
[White "Sai Agni Jeevitesh, J."]
[Black "Sourath Biswas"]
[Result "1-0"]
[WhiteElo "2336"]
[BlackElo "1881"]
[Annotator "NA"]
[PlyCount "63"]
[EventDate "2018.12.07"]
[EventType "team-tourn"]
[EventCountry "BAN"]
[SourceTitle "playchess.com"]
[Source "ChessBase"]
[SourceQuality "1"]
[TimeControl "5400+30"]

1. d4 {[%emt 1:30:30]} Nf6 {[%emt 1:30:30]} 2. c4 {[%emt 0:00:30]} g6 {[%emt 0:00:30]} 3. Nc3 {[%emt 0:00:30]} Bg7 {[%emt 0:00:30]} 4. e4 {[%emt 0:00:30]} d6 {[%emt 0:00:30]} 5. Be2 {[%emt 0:00:30]} O-O {[%emt 0:00:30]} 6. Be3 {[%emt 0:00:30]} e5 {[%emt 0:00:30]} 7. d5 {[%emt 0:00:30]} a5 {[%emt 0:00:30]} 8. g4 {[%emt 0:00:30]} Ne8 {[%emt 0:00:30] E73: King's Indian: Averbakh Variation without 6...c5} (8... Na6 9. h4 Nc5 10. f3 h5 11. g5 Nh7 12. Kd2 Bd7 13. Nh3 c6 14. Nf2 cxd5 15. exd5 f5 16. gxf6 Nxf6 17. Bxc5 dxc5 {0-1 (37) Vallejo Pons,F (2705)-Radjabov,T (2741) Palma de Mallorca 2017}) 9. h4 {[%emt 0:00:30]} f5 {[%emt 0:00:30] LiveBook: 3 Games} 10. gxf5 {[%emt 0:00:30]} gxf5 {[%emt 0:00:30]} 11. exf5 {[%emt 0:00:30]} Bxf5 {[%emt 0:00:30]} 12. Nf3 {[%emt 0:00:30]} Na6 {[%emt 0:00:30]} 13. Rg1 {[%emt 0:00:30]} Nb4 $146 {[%emt 0:00:30]} ({Predecessor:} 13... Kh8 14. Ng5 Nc5 15. Bxc5 dxc5 16. Bd3 {0-1 (29) Shishkin,V (2512)-Niekras,D (2221) Krakow 2015}) 14. Rc1 {[%emt 0:00:30]} e4 {[%emt 0:00:30]} 15. Ng5 {[%emt 0:00:30]} (15. Nd4 $16) 15... h6 {[%emt 0:00:30]} 16. Ne6 {[%emt 0:00:30]} Bxe6 {[%emt 0:00:30]} 17. dxe6 {[%emt 0:00:30]} Qxh4 {[%emt 0:00:30]} 18. a3 {[%emt 0:00:30]} Nd3+ {[%emt 0:00:30]} 19. Bxd3 {[%emt 0:00:30]} exd3 {[%emt 0:00:30]} 20. Qxd3 {[%emt 0:00:30]} Rf6 {[%emt 0:00:30]} 21. Kd2 {[%emt 0:00:30]} c6 {[%emt 0:00:30]} 22. Ne4 {[%emt 0:00:30]} Rxe6 {[%emt 0:00:30]} 23. Ng3 {[%emt 0:00:30]} Qf6 {[%emt 0:00:30]} 24. Rb1 {[%emt 0:00:30]} Re5 {[%emt 0:00:30]} 25. f4 {[%emt 0:00:30]} Re7 {[%emt 0:00:30]} 26. Nh5 {[%emt 0:00:30]} Qf7 {[%emt 0:00:30]} 27. Rg6 {[%emt 0:00:30]} d5 {[%emt 0:00:30]} 28. Nxg7 {[%emt 0:00:30]} Nxg7 {[%emt 0:00:30]} 29. Rbg1 {[%emt 0:00:30]} Qf8 {[%emt 0:00:30]} 30. Bd4 {[%emt 0:00:30]} Qxf4+ {[%emt 0:00:30]} 31. Kc3 {[%emt 0:00:30]} Kf8 $18 {[%emt 0:00:30]} 32. Rf6+ {[%emt 0:00:30]} 1-0

[Event "S. A. Group BAN-chT 2018"]
[Site "Dhaka"]
[Date "2018.12.11"]
[Round "6"]
[White "Mohammad Minhaz Uddin"]
[Black "Das, Arghyadip"]
[Result "1/2-1/2"]
[WhiteElo "2290"]
[BlackElo "2430"]
[Annotator "TA"]
[PlyCount "61"]
[EventDate "2018.12.07"]
[EventType "team-tourn"]
[EventCountry "BAN"]
[SourceTitle "playchess.com"]
[Source "ChessBase"]
[SourceQuality "1"]

{[%evp 29,61,-6,-4,-14,-13,-47,-29,-38,-34,-41,-26,-35,-28,-29,-29,-35,-25,-26,-27,-73,-73,-76,-72,-72,-25,-27,-24,-21,-25,-20,0,0,0,0]} 1. e4 c5 2. Nf3 Nc6 3. d4 cxd4 4. Nxd4 Nf6 5. Nc3 d6 6. Be2 e5 7. Nb3 Be7 8. O-O O-O 9. Kh1 a5 10. a4 Nb4 11. f4 Bd7 12. Be3 {B59: Classical Sicilian: 6 Be2 e5 7 Nb3} Qc7 (12... Rc8 13. Bf3 Qc7 14. Rf2 b6 15. Rd2 Bc6 16. Qg1 Rb8 17. Qe1 Qb7 18. Bf2 Rfe8 19. fxe5 dxe5 {0-1 (52) Dzhumaev,M (2549)-Li,C (2686) Manila 2013}) 13. Bf3 Bc6 14. Rf2 b6 15. Rd2 Qb7 {LiveBook: 4 Games} 16. fxe5 dxe5 17. Bg5 Rfd8 18. Rxd8+ Rxd8 19. Qe2 $1 {[#]} Ne8 $146 20. Be3 Nd6 {[%cal Rd6e4]} 21. Bf2 Qc7 22. Nc1 Bb7 23. Nd3 Ba6 24. Nb5 Bxb5 25. axb5 Nxd3 26. Qxd3 Nb7 27. Qe2 Bc5 28. Be1 Nd6 29. Rd1 Bd4 30. c3 Bc5 31. Rd5 {Precision: White = 56%, Black = 74%.} 1/2-1/2

[Event "S. A. Group BAN-chT 2018"]
[Site "Dhaka"]
[Date "2018.12.11"]
[Round "6"]
[White "Islam, Kh. Aminul"]
[Black "Zia, Tahsin Tajwar"]
[Result "1-0"]
[WhiteElo "2253"]
[BlackElo "1925"]
[Annotator "TA"]
[PlyCount "109"]
[EventDate "2018.12.07"]
[EventType "team-tourn"]
[EventCountry "BAN"]
[SourceTitle "playchess.com"]
[Source "ChessBase"]
[SourceQuality "1"]

{[%evp 14,109,34,36,115,108,104,94,120,105,130,130,130,129,136,136,144,145,154,156,153,131,139,119,89,73,135,89,165,82,157,149,163,139,141,139,264,238,300,262,262,261,262,242,335,177,166,163,176,143,143,143,144,143,143,134,168,149,141,126,130,142,167,161,343,341,318,314,432,352,427,416,499,492,581,575,562,554,869,1158,958,1097,1058,1034,934,975,882,802,950,981,818,680,29955,29962,6087,5712,9014,6043]} 1. d4 d5 2. c4 e6 3. Nf3 Nf6 4. Nc3 Bb4 5. Bg5 dxc4 6. e4 {[%cal Be2e4,Be4e5][%mdl 32]} b5 7. a4 {D39: Queen's Gambit Declined: Ragozin Defence with 5 Bg5 dxc4} c5 8. axb5 {LiveBook: 14 Games. Hoping for e5.} Nbd7 $146 ({Black should play} 8... O-O $14) ({Predecessor:} 8... cxd4 9. Nxd4 h6 10. Bxf6 Qxf6 11. b6 a5 12. Bxc4 O-O 13. O-O Bxc3 14. bxc3 Nd7 15. Nxe6 fxe6 {½-½ (57) Grischuk,A (2750)-Carlsen,M (2832) chess.com INT 2017}) 9. e5 $16 {White is better.} h6 10. Bd2 ({And not} 10. Bxc4 hxg5 11. exf6 Qxf6 $17) 10... Bxc3 11. Bxc3 Nd5 12. Ba5 Qe7 13. Bxc4 N5b6 14. Be2 Bb7 15. dxc5 Qxc5 16. Rc1 Qd5 17. O-O O-O 18. Qxd5 Nxd5 19. Bd2 Rfc8 (19... a6 $142) 20. Rfe1 g5 {[#]} (20... Rxc1 $16 21. Rxc1 Rd8) 21. h4 (21. Rxc8+ $1 $18 {has better winning chances.} Rxc8 22. Ra1) 21... g4 ({Better is} 21... Nf4) 22. Nd4 h5 23. Nc6 Bxc6 24. bxc6 Nxe5 {[#]} (24... Nb8 $16) 25. Ba6 $1 $18 f6 26. Bxc8 Rxc8 27. Re4 Kf7 28. Ra4 Rc7 29. Ba5 (29. Ra6 $142) 29... Rxc6 30. Rxc6 Nxc6 {[%mdl 4096] Endgame KRB-KNN} 31. Bc3 Ke7 32. Bd4 a5 33. Bc5+ Kd7 34. Kf1 e5 35. Ra3 Ke6 36. Ra1 f5 37. Rc1 Kd7 38. Ba3 Ndb4 $2 (38... Kc7 {was worth a try.} 39. Rd1 Ndb4 40. Bxb4 Nxb4) 39. Rc5 f4 40. Rb5 Kc7 41. Bxb4 axb4 {KR-KN} 42. Rd5 Kb6 43. Ke1 b3 44. Kd2 Kc7 45. Kc3 f3 46. gxf3 gxf3 47. Kxb3 e4 48. Kc3 e3 49. fxe3 Ne7 50. Rd2 Nf5 51. Kd3 Nxh4 52. Rh2 Ng2 53. Rxh5 Ne1+ 54. Kd2 f2 55. Rf5 {Precision: White = 67%, Black = 36%.} 1-0

[Event "S. A. Group BAN-chT 2018"]
[Site "Dhaka"]
[Date "2018.12.11"]
[Round "6"]
[White "Mehdi Hasan Parag"]
[Black "Ahmed, Sk. Nasir"]
[Result "0-1"]
[WhiteElo "2218"]
[BlackElo "2119"]
[Annotator "TA"]
[PlyCount "94"]
[EventDate "2018.12.07"]
[EventType "team-tourn"]
[EventCountry "BAN"]
[SourceTitle "playchess.com"]
[Source "ChessBase"]
[SourceQuality "1"]

{[%evp 15,94,48,39,-7,-10,-24,24,2,-6,-15,-22,-49,-40,-63,-52,-66,-12,-116,52,33,25,30,26,19,29,0,0,-62,-65,-130,-54,-66,-70,-75,-63,-64,-60,-60,-29,-34,-35,-52,-43,-126,-126,-129,-135,-135,-131,-125,-104,-112,-97,-102,-57,-57,-57,-130,-130,-188,-188,-187,-188,-2286,-2226,-29979,-29975,-29981,-29982,-29983,-29984,-29984,-29985,-29985,-29986,-29985,-29986,-29986,-29987,-29987,-29988]} 1. e4 c5 2. Nf3 e6 3. d4 cxd4 4. Nxd4 Nc6 5. Nc3 Qc7 6. Be3 Nf6 7. Qf3 {B48: Sicilian: Taimanov: 5 Nc3 Qc7 6 Be3 a6 without Be2} Be7 (7... Bb4 8. Ndb5 Qb8 9. a3 Be7 10. Qg3 Qxg3 11. hxg3 O-O 12. Bf4 Ne8 13. Nc7 Nxc7 14. Bxc7 Bf6 {0-1 (67) Vavulin,M (2545)-Mchedlishvili,M (2608) St Petersburg 2018}) 8. O-O-O a6 {LiveBook: 86 Games} 9. h3 {White is slightly better.} O-O 10. g4 {[%cal Bg2g4,Bg4g5][%mdl 32]} d6 11. g5 Nd7 12. Qg3 $146 ({Predecessor:} 12. h4 Nxd4 13. Bxd4 f5 14. Bh3 e5 {1-0 (28) Pajeken,J (1793)-Krueger,A (2008) Dortmund 2015}) 12... Nxd4 13. Bxd4 b5 14. a3 Bb7 15. h4 Rac8 (15... b4 $15 16. axb4 e5) 16. f3 (16. Bd3 $11) 16... Nb6 $2 (16... e5 $17 17. Bg1 d5 $1 {[%mdl 512]}) 17. Rh2 (17. g6 {looks sharper.} e5 18. gxf7+ Rxf7 19. Bxb6 Qxb6 20. Rd3) 17... e5 18. Bxb6 Qxb6 19. Qe1 Rc5 20. Bh3 a5 21. Qg1 (21. Bf1 $11) 21... Qc7 $15 22. Qe3 (22. Kb1 $15) 22... Bc6 (22... b4 $17 23. Na4 Rc6) 23. Nd5 Bxd5 $1 24. Rxd5 Rxd5 25. exd5 Qc4 26. Qe4 g6 (26... Qa2 {is interesting.} 27. c3 Rb8 28. Bf1 g6 29. Rh1 b4) 27. Qxc4 bxc4 $11 {[%mdl 4096] Endgame KRB-KRB} 28. Kd2 f6 29. Bg4 ({White should play} 29. h5 $15) 29... fxg5 $17 30. h5 gxh5 31. Bxh5 Rf4 32. Ke3 Rd4 33. Bg4 Kg7 34. Bf5 Rh4 (34... h6 {seems wilder.} 35. c3 Rf4 36. Bb1 Bd8 37. Ke2 Bb6) 35. Rxh4 gxh4 $15 {KB-KB} 36. Bh3 (36. f4 $15) 36... Bg5+ $1 $17 37. Ke4 {[#]} (37. Kf2 $17 {was called for.}) 37... a4 $1 $19 38. f4 Bxf4 39. Bf1 $2 (39. Kf3) 39... Bc1 40. Bxc4 Bxb2 {Black mates.} 41. Bb5 h3 42. Kf3 {[#]} e4+ $1 {[%cal Be5e4,Be4e3][%mdl 32]} 43. Kg3 (43. Kxe4 h2) 43... e3 44. Kxh3 Bxa3 45. Kg2 Bc5 46. Kf3 a3 47. Bc4 Kf6 {Accuracy: White = 27%, Black = 60%.} 0-1

[Event "S. A. Group BAN-chT 2018"]
[Site "Dhaka"]
[Date "2018.12.11"]
[Round "6"]
[White "Mohammed Abdul, Malek"]
[Black "Safarli, Eltaj"]
[Result "0-1"]
[WhiteElo "2208"]
[BlackElo "2671"]
[Annotator "TA"]
[PlyCount "58"]
[EventDate "2018.12.07"]
[EventType "team-tourn"]
[EventCountry "BAN"]
[SourceTitle "playchess.com"]
[Source "ChessBase"]
[SourceQuality "1"]

{[%evp 9,58,-11,0,-4,0,-27,-28,-37,-36,-40,-47,-62,-52,-47,-45,-50,-49,-90,-94,-105,-101,-93,-98,-125,-95,-141,-131,-128,-99,-75,-45,-57,-49,-52,-40,-70,-70,-66,-68,-87,-86,-78,-79,-68,-68,-84,-47,-557,-557,-616,-614]} 1. d4 Nf6 2. Nf3 g6 3. e3 Bg7 4. Bd3 d5 5. h3 (5. O-O O-O 6. b3 c5 7. Bb2 Nbd7 8. Nbd2 b6 9. c4 Bb7 {½-½ (9) Golubov,S (2516)-Edouard,R (2622) Warsaw 2017}) 5... O-O 6. O-O {D04: Colle System} c5 7. c3 Qc7 8. Ne5 {Black has an edge.} b6 9. Qe2 Ne4 $146 ({Predecessor:} 9... Nbd7 10. f4 {½-½ (20) Nguyen,T (2396)-Nguyen,V (2370) Ho Chi Minh City 2013}) 10. Nf3 Bb7 11. b3 Nd7 12. Bb2 e5 13. Ba6 Bxa6 14. Qxa6 cxd4 15. cxd4 Qc2 16. Bc1 exd4 17. exd4 {[#]} Ndc5 $1 {[%mdl 512]} 18. Qb5 (18. dxc5 Bxa1) 18... Ne6 19. Na3 Qc8 (19... Qc7 {with more complications.} 20. Bb2 Qd6 21. Qa6 Qd7 22. Ne5 Qd8) 20. Be3 Qb7 21. Rac1 Rfc8 22. Qd3 Bf8 $36 {[%mdl 2048] White is under pressure.} 23. Nb1 Bd6 24. Rxc8+ Rxc8 ({Much weaker is} 24... Qxc8 25. Rc1 $11) 25. Rc1 Rxc1+ 26. Bxc1 Qc6 27. Bd2 Kg7 28. Nc3 $2 {[%mdl 8192]} ({Better is} 28. g3 $15) 28... Nxd2 $19 29. Nxd2 {[#]} Nf4 $1 {Accuracy: White = 43%, Black = 76%.} 0-1

[Event "S. A. Group BAN-chT 2018"]
[Site "Dhaka"]
[Date "2018.12.11"]
[Round "6"]
[White "Arpan, Das"]
[Black "Sidhant, Mohapatra"]
[Result "0-1"]
[WhiteElo "2186"]
[BlackElo "2343"]
[Annotator "TA"]
[PlyCount "64"]
[EventDate "2018.12.07"]
[EventType "team-tourn"]
[EventCountry "BAN"]
[SourceTitle "playchess.com"]
[Source "ChessBase"]
[SourceQuality "1"]

{[%evp 11,64,0,7,0,6,-20,10,-34,18,-28,18,-57,-56,-67,-56,-60,-60,-61,-17,-41,0,-33,7,-17,-15,-54,-37,-49,-57,-45,-41,-52,-59,-61,-46,-35,-30,-93,-103,-277,-283,-264,-156,-143,-134,-219,-213,-369,-365,-943,-784,-1034,-1044,-29992,-29993]} 1. d4 Nf6 2. Nc3 d5 3. Bf4 e6 4. Nb5 Na6 5. e3 c6 (5... Be7 6. Nf3 O-O 7. Be2 c6 8. Nc3 c5 9. h3 Bd7 10. O-O Rc8 11. a4 Nb4 {0-1 (24) Alekseenko,K (2639)-Oparin,G (2624) Sochi 2018}) 6. Nc3 {D00: 1 d4 d5: Unusual lines} Nb8 {LiveBook: 8 Games} 7. Bd3 Nbd7 8. Qf3 {The position is equal.} a6 $146 ({Predecessor:} 8... Qa5 9. a3 b5 10. Ra2 Bb7 11. Nge2 Be7 {0-1 (67) Bank,P (2296)-Meskovs,N (2454) Aarhus 2015}) 9. O-O-O Qa5 (9... c5 $1 $15) 10. Kb1 b5 {[%cal Bb7b5,Bb5b4][%mdl 32]} 11. e4 ({White should try} 11. g4 $1 $11) 11... b4 $15 12. Nce2 dxe4 13. Bxe4 Nxe4 14. Qxe4 Qd5 15. Qe3 Be7 16. Nf3 O-O 17. h4 a5 18. h5 Ba6 19. h6 g6 20. Be5 Bxe2 21. Qxe2 a4 22. Nd2 b3 23. axb3 axb3 {Threatens to win with ...Ra1+!} 24. Nxb3 (24. c4 $11 Qa5 25. Nxb3) 24... Ra4 $17 25. Rc1 $2 (25. Qf3 $17 {might work better.}) 25... Nb6 $1 $19 {[%cal Rb6c4]} 26. Qf3 {[#]} Qc4 (26... Qb5 $1 $19 {aiming for ...Nc4.} 27. d5 Nc4) 27. Qd3 $17 {[#]} Qb4 $1 {Hoping for ...Nc4.} 28. d5 (28. Nd2 $17) 28... cxd5 $40 {[%mdl 128] Black is out for blood.} ({Weaker is} 28... exd5 29. Rce1 $15) ({Much less strong is} 28... Nxd5 29. Rhd1 $17) 29. Bc3 $2 (29. Qc3 {was the only chance.}) 29... Qd6 30. g3 $2 (30. Qb5 Raa8 31. Na5) 30... Rfa8 31. Rce1 Nc4 {( -> ...Ra1+)} 32. Bd4 Qa6 {Accuracy: White = 12%, Black = 51%.} 0-1

[Event "S. A. Group BAN-chT 2018"]
[Site "Dhaka"]
[Date "2018.12.11"]
[Round "6"]
[White "Mihir Lal, Das"]
[Black "Uten"]
[Result "1/2-1/2"]
[WhiteElo "2010"]
[BlackElo "2114"]
[Annotator "TA"]
[PlyCount "104"]
[EventDate "2018.12.07"]
[EventType "team-tourn"]
[EventCountry "BAN"]
[SourceTitle "playchess.com"]
[Source "ChessBase"]
[SourceQuality "1"]

{[%evp 15,104,-15,3,-1,0,-14,69,41,47,43,44,43,29,25,42,53,56,41,40,44,41,38,51,41,63,50,38,27,127,119,202,194,180,96,93,84,84,84,84,84,84,84,84,84,84,84,84,84,88,86,86,78,96,102,103,87,87,85,92,87,66,25,25,22,30,22,37,37,45,15,31,9,8,11,25,15,24,0,0,0,0,0,0,0,0,0,0,0,0,0,0]} 1. Nf3 d5 2. d4 e6 3. g3 c5 4. c3 Nc6 5. Bg2 Nf6 6. O-O Bd6 7. dxc5 Bxc5 8. b4 Bd6 {LiveBook: 4 Games. D02: 1 d4 d5 2 Nf3 sidelines, including 2...Nf6 3 g3 and 2...Nf6 3 Bf4} 9. a3 (9. Bg5 h6 10. Bxf6 Qxf6 11. e4 dxe4 12. Nbd2 Qe7 13. Nxe4 Bc7 14. a4 O-O 15. a5 e5 16. Re1 {1-0 (43) Sevgi,V (2240)-Banzea,A (2278) Mamaia 2017}) 9... O-O 10. Bb2 b6 ({Better is} 10... b5 $11) 11. Nbd2 (11. c4 $5) 11... Bb7 12. c4 $146 ({Predecessor:} 12. Nd4 Rc8 13. Rc1 Be5 14. Nxc6 Bxc6 {0-1 (23) Geist,W (1416)-Fricke,J (1485) Berlin 2018}) 12... Qe7 13. cxd5 exd5 14. e3 Ba6 15. Re1 Ne5 16. Nxe5 Bxe5 17. Bxe5 Qxe5 18. Qb3 Ne4 19. Nf3 Qh5 20. Qb2 Bc4 21. Red1 a5 {[#]} (21... Rfe8 $11 {remains equal.}) 22. Ne5 $1 $16 {[%cal Re5c4]} Rfe8 (22... b5 $16 {is a better defense.}) 23. Nxc4 $18 dxc4 24. Qd4 (24. Qc2 $18 f5 25. Qxc4+ Qf7 26. Rac1) 24... Qf5 $16 25. Bxe4 Qxe4 26. Qxe4 Rxe4 27. bxa5 bxa5 {[%mdl 4096] Endgame KRR-KRR} 28. Rac1 Rc8 29. Rd5 f6 30. Rxa5 c3 31. Rc2 Rec4 32. Rb5 Kf7 33. Kf1 R4c6 34. Rb7+ Kg6 35. h4 h5 36. Ke2 Kh6 37. Rb3 g5 38. f4 gxh4 39. gxh4 Kg6 40. a4 Kf5 41. Kf3 Ra8 42. e4+ ({Don't play} 42. Rbxc3 Rxc3 43. Rxc3 Rxa4 $16) 42... Kg6 43. f5+ ({Resist} 43. Rcxc3 Rxc3+ 44. Rxc3 Rxa4 $16) 43... Kh6 44. Rb7 {[#] White wants to mate with Rg2.} Rg8 45. a5 {With the idea Re7.} Rg7 46. Rb6 (46. Rb8 {is interesting.} Ra7 47. Rb5 Rca6 48. Ra2 Rc6 49. Ra1) 46... Rxb6 {The position is equal.} 47. axb6 $11 {KR-KR} Rb7 48. Rxc3 {aiming for Rc6.} Rxb6 49. Rc7 Rb3+ 50. Kg2 Rb2+ 51. Kf3 Rb3+ 52. Kf2 Rf3+ {Accuracy: White = 53%, Black = 68%.} 1/2-1/2